00253nam a2200109Ia 4500008004100000082001300041100001700054245002700071260002900098300000800127650000800135191201s2006 xx 000 0 und d a658bCHP aCHADDA, Prem 0aPerformance Management aN.DelhibMacmillanc2006 a474 aMBA